Od vietnamského syndromu k syndromu iráckému?

Rastúca skepsa americkej verejnosti k možnosti, že vojnu v Iraku možno vyhrať. Porovnanie vojny vo Vietname s vojnou v Iraku. Negatívne postoje politických predstaviteľov USA k vojne v Iraku. Zmena deklarovaných cieľov amerického zásahu proti Iraku. Iracký syndróm. Väčšina americkej verejnosti prot...

ver descrição completa

Na minha lista:
Detalhes bibliográficos
Autor principal: Anýž, Daniel
Formato: Capítulo de Livro
Idioma:tcheco
Assuntos:
Tags: Adicionar Tag
Sem tags, seja o primeiro a adicionar uma tag!

MARC

LEADER 00000naa$a2200000$$$4500
001 0054532
005 20231016092923.3
041 0 |a cze 
044 |a CZ 
245 1 0 |a Od vietnamského syndromu k syndromu iráckému?  |c Daniel Anýž 
520 |a Rastúca skepsa americkej verejnosti k možnosti, že vojnu v Iraku možno vyhrať. Porovnanie vojny vo Vietname s vojnou v Iraku. Negatívne postoje politických predstaviteľov USA k vojne v Iraku. Zmena deklarovaných cieľov amerického zásahu proti Iraku. Iracký syndróm. Väčšina americkej verejnosti proti šíreniu demokracie vo svete. 
610 2 0 |a politika zahraničná 
610 2 0 |a vojny 
610 2 0 |a bezpečnosť 
610 2 0 |a demokracia 
610 2 0 |a sily ozbrojené 
610 2 0 |a armáda 
610 2 0 |a vzťahy medzinárodné 
610 2 0 |a USA 
610 2 0 |a Irak 
100 1 |a Anýž, Daniel